Statistiche per Capitali mondiali più vicine a Singapore - sprint di un minuto

Clicka qui per fare il quiz!

Statistiche generali

  • Questo quiz è stato fatto 3 volte
  • Il punteggio medio è 7 su 20

Statistiche sulle risposte

kmcapitale% Corretto
4142Nuova Delhi
100%
1426Bangkok
67%
902Giacarta
67%
2198Hanoi
67%
2391Manila
67%
1296Bandar Seri Begawan
33%
2881Dacca
33%
3530Kathmandu
33%
309Kuala Lumpur
33%
3380Malé
33%
2210Naypyidaw
33%
3481Ngerulmud
33%
4465Pechino
33%
3250Taipei
33%
3274Thimphu
33%
1855Vientiane
33%
2720Colombo
0%
2652Dili
0%
4813Islamabad
0%
1142Phnom Penh
0%

Distribuzione punteggi

Percentile per numero di risposta

Percentuale di utenti per punteggio

I tuoi punteggi nel tempo

Non hai fatto questo quiz